The story of English /

Bewaard in:
Bibliografische gegevens
Hoofdauteur: McCrum, Robert.
Formaat: Boek
Taal:English
Gepubliceerd in: London : Faber and Faber, 1992.
Editie:Rev. ed.
Onderwerpen:
Tags: Voeg label toe
Geen labels, Wees de eerste die dit record labelt!
Thư viện lưu trữ: Mạng thư viện Đại học Đà Nẵng
LEADER 00999nam a2200325 a 4500
001 000041934
003 4705
005 20200721100629.0
008 171030s1992
020 |a 0571164439 
040 |a lnn  |c lnn  |d lnn 
041 0 |a eng 
082 1 4 |a 420.9  |b MC-R 
100 1 |a McCrum, Robert. 
245 0 4 |a The story of English /  |c Robert McCrum. 
250 |a Rev. ed. 
260 |a London :  |b Faber and Faber,  |c 1992. 
300 |a 468p. :  |b maps. 
630 0 4 |a English language. 
650 0 4 |a English language  |x History. 
OWN |a LNN 
902 |a TKA 
AVA |a UDN50  |b LNN  |c English  |d 420.9 MC-R  |e available  |t Error 5001 Not defined in file expand_doc_bib_avail.  |f 1  |g 0  |h N  |i 0  |j AN  |k 1 
999 |a From the UDN01 
AVA |a UDN50  |b LNN  |c English  |d 420.9 MC-R  |e available  |t Error 5001 Not defined in file expand_doc_bib_avail.  |f 1  |g 0  |h N  |i 0  |j AN  |k 1 
TYP |a Monograph 
TYP |a Printed language 
980 |a Mạng thư viện Đại học Đà Nẵng